000 01123njm a22002657a 4500
005 20100907103136.0
006 a|||||r|||||00| 0
007 sd ammalaaahaa
008 100901t xxu||||| |||| 00| 0 eng d
028 _aN 53876
_bHis Master's Voice
035 _aGR-00927
040 _aSED
_cSED
100 _aMohammad Rafi
_917825
245 _aWanted /
_cby Mohammad Rafi [and] Asha Bhosle; lyrics by Shakeel Badayuni
_h[sound recording]
246 _aवांटेड / मोहम्मद रफ़ी
260 _aDum Dum, India
_bHis Master's Voice
300 _a1 sound disc [Gramophone Recording] :
_banalog, 33 1/3 rpm
_c9.5 in. (MP)
_fGramophone Records
500 _aBrief record
505 _aनिगाहे शोकसे कहदो - कव्वाली (Nigahe shokse kehdo - kavvali) (Mohammad Rafi [and] Asha Bhosle)
650 _aClassical music
_xExcerpts
_zIndia
_917826
700 _aBhosle, Asha
_917827
700 _917828
_aBadayuni, Shakeel
942 _2ddc
_cGR
999 _c44114
_d44114